000
00351nam a2200133Ia 4500
008
100328s9999 xx 000 0 und d
082
_b
19976
100
_a
पानवलकर श्री.दा.
245
_a
चिनाब
260
_b
अ.आ.अंतरकर
630
_a
चिनाब
730
_a
चिनाब
942
_c
BOOK
999
_c
514213
_d
514210